Manual de los sistemas de información: análisis, requisitos y su determinación, diseño y desarrollo, implantación y su evaluación
Gardado en:
| Main Authors: | , , |
|---|---|
| Formato: | Libro |
| Idioma: | Lingua castelá |
| Publicado: |
Madrid
Paraninfo
1981
|
| Edición: | 4a. ed |
| Series: | Biblioteca técnica Philips
|
| Subjects: | |
| Tags: |
Engadir etiqueta
Sen Etiquetas, Sexa o primeiro en etiquetar este rexistro!
|
MARC
| LEADER | 00000nam a2200000 a 4500 | ||
|---|---|---|---|
| 001 | UCU6809 | ||
| 003 | CL-VaPUC | ||
| 008 | 960621e19810000SP |||||||||||||||||spa|d | ||
| 082 | 0 | 4 | |a 658.403 |b HAR |2 21 |
| 100 | |a Hartman, W |e author |9 365211 | ||
| 700 | 0 | |a Matthes, H |e author |9 365212 | |
| 700 | 0 | |a Proeme, A |e author |9 365213 | |
| 245 | 1 | 0 | |a Manual de los sistemas de información: análisis, requisitos y su determinación, diseño y desarrollo, implantación y su evaluación |
| 250 | |a 4a. ed | ||
| 300 | |a v | ||
| 942 | |c BK | ||
| 945 | |d 19960621 00:00:00 |a paguirre | ||
| 260 | |a Madrid |b Paraninfo |c 1981 | ||
| 500 | |a p.1: Contiene los volumenes del 1 al 5 | ||
| 500 | |a p.2: Contiene el volumen 6 | ||
| 500 | |a v.1: Introduccion | ||
| 500 | |a v.2: Direccion del Proyecto | ||
| 500 | |a v.3: Estudio de factibilidad: diseño y analisis del sistema | ||
| 500 | |a v.4: Desarrollo del sistema | ||
| 500 | |a v.5: Puesta en marcha del sistema y evaluacion | ||
| 500 | |a v.6: Tecnicas y estandares | ||
| 650 | 0 | |a Sistemas de información |9 365214 | |
| 650 | 0 | |a Administración |9 259325 | |
| 650 | 7 | |a SISTEMAS DE INFORMACION PARA LA GESTION |2 CL-VaPUC |9 357689 | |
| 650 | 0 | |a Sistemas |9 336966 | |
| 583 | |a last modification |c 19960621 00:00:00 |k Rodrigo Vera | ||
| 490 | 0 | |a Biblioteca técnica Philips | |
| 999 | |c 249616 |d 249614 | ||
| 952 | |0 0 |1 0 |4 0 |6 658_403000000000000_HAR_1981 |7 0 |8 A |9 266946 |a BIBING |b BIBING |d 2019-11-19 |h v.1 |i 1691716 |o 658.403 HAR 1981 |p 1691716 |r 2025-01-20 |w 2019-11-19 |y BK |k CCI | ||
| 952 | |0 0 |1 0 |4 0 |6 658_403000000000000_HAR_1981 |7 0 |8 A |9 266947 |a BIBGIM |b BIBGIM |d 2019-11-19 |h p.2 |i 1414240 |o 658.403 HAR 1981 |p 1414240 |r 2025-01-15 |w 2019-11-19 |y BK |k COM | ||
| 952 | |0 0 |1 0 |4 0 |6 658_403000000000000_HAR_1981 |7 0 |8 A |9 266948 |a BIBGIM |b BIBGIM |d 2019-11-19 |h p.1 |i 1414291 |o 658.403 HAR 1981 |p 1414291 |r 2025-01-15 |w 2019-11-19 |y BK |k COM | ||